[Event "FRA-ch Youth 2017"]
[Site "Belfort"]
[Date "2017.04.20"]
[Round "6"]
[White "Bacrot, Alexandre"]
[Black "Poulet, Benoit"]
[Result "1/2-1/2"]
[WhiteElo "2143"]
[BlackElo "1837"]
[Annotator "NA"]
[PlyCount "69"]
[EventDate "2017.??.??"]
[EventCountry "FRA"]
[SourceTitle "playchess.com"]
[Source "ChessBase"]
[SourceQuality "1"]
[TimeControl "5400+30"]

1. e4 {[%emt 0:00:00]} c5 {[%emt 0:00:12]} 2. Nf3 {[%emt 0:00:00]} Nc6 {[%emt 0:00:13]} 3. Bb5 {[%emt 0:00:38]} g6 {[%emt 0:00:21]} 4. O-O {[%emt 0:00:44]} Bg7 {[%emt 0:00:43]} 5. c3 {[%emt 0:00:52] LiveBook: 2215 Games} Nf6 {[%emt 0:00:42]} 6. Re1 {[%emt 0:01:18]} O-O {[%emt 0:00:49]} 7. d3 {[%emt 0:10:10]} a6 {[%emt 0:08:22] B31: Sicilian: 2...Nc6 3 Bb5 g6} (7... d6 8. Nbd2 Bd7 9. Nf1 Ne5 10. Bxd7 Nxf3+ 11. Qxf3 Nxd7 12. a4 Ne5 13. Qe2 Nc6 14. Be3 e5 15. f4 exf4 16. Bxf4 {½-½ (24) Burlacu,B (2339)-Flumbort,A (2469) Austria 2014}) 8. Bxc6 {[%emt 0:01:00]} dxc6 {[%emt 0:00:10]} 9. e5 {[%emt 0:02:55]} Nd5 {[%emt 0:01:19]} 10. Na3 $146 {[%emt 0:10:00]} (10. Qa4 Bf5 11. Qh4 Bxd3 12. c4 Nb4 13. Bh6 f6 14. Bxg7 Kxg7 15. Nc3 {0-1 (32) Kornthaler,R (2081)-Gerhold,M (2244) Austria 2001}) 10... Qc7 {[%emt 0:18:06]} 11. h3 {[%emt 0:02:58]} Rd8 {[%emt 0:01:45]} 12. Qe2 {[%emt 0:00:54]} h6 {[%emt 0:08:25]} 13. Bd2 {[%emt 0:08:49]} a5 {[%emt 0:15:38]} 14. Rad1 {[%emt 0:08:07]} b6 {[%emt 0:00:23]} 15. Nb1 {[%emt 0:05:09]} Qd7 {[%emt 0:07:09]} 16. Bc1 {[%emt 0:08:16]} Ba6 {[%emt 0:03:01]} 17. b3 {[%emt 0:12:47]} Nc7 {[%emt 0:01:50]} 18. c4 {[%emt 0:00:11]} Ne6 {[%emt 0:00:41]} 19. Be3 {[%emt 0:04:09]} Qc7 {[%emt 0:02:17]} 20. d4 {[%emt 0:00:14]} cxd4 {[%emt 0:00:53]} 21. Nxd4 {[%emt 0:00:05]} Nxd4 {[%emt 0:01:57]} 22. Bxd4 {[%emt 0:00:36]} c5 {[%emt 0:00:05]} 23. Bc3 {[%emt 0:03:39]} e6 {[%emt 0:01:53]} 24. f3 {[%emt 0:08:19]} Rxd1 {[%emt 0:09:43]} 25. Rxd1 {[%emt 0:00:06]} Rd8 {[%emt 0:00:08]} 26. Rxd8+ {[%emt 0:06:31]} Qxd8 {[%emt 0:00:04]} 27. Nd2 {[%emt 0:00:07]} Bb7 {[%emt 0:00:30]} 28. Kf1 {[%emt 0:03:46]} Qd7 {[%emt 0:01:33]} 29. a4 {[%emt 0:00:35]} h5 {[%emt 0:01:37]} 30. Ke1 {[%emt 0:00:19]} Qd8 {[%emt 0:02:20]} 31. Kd1 {[%emt 0:00:35]} Bh6 {[%emt 0:00:46]} 32. Kc2 {[%emt 0:00:06]} Qg5 {[%emt 0:00:48]} 33. Kb2 {[%emt 0:00:41]} Qe3 {[%emt 0:02:16]} 34. Qxe3 {[%emt 0:01:31]} Bxe3 {[%emt 0:00:04]} 35. Nf1 $11 {[%emt 0:00:25]} 1/2-1/2

[Event "FRA-ch Youth 2017"]
[Site "Belfort"]
[Date "2017.04.20"]
[Round "6"]
[White "Lever, Erwan"]
[Black "Bouvet, Florian"]
[Result "1/2-1/2"]
[WhiteElo "2129"]
[BlackElo "2183"]
[Annotator "NA"]
[PlyCount "78"]
[EventDate "2017.??.??"]
[EventCountry "FRA"]
[SourceTitle "playchess.com"]
[Source "ChessBase"]
[SourceQuality "1"]
[TimeControl "5400+30"]

1. d4 {[%emt 0:00:00]} Nf6 {[%emt 0:00:22]} 2. c4 {[%emt 0:00:00]} g6 {[%emt 0:00:39]} 3. Nc3 {[%emt 0:00:00]} d5 {[%emt 0:00:04]} 4. cxd5 {[%emt 0:00:00]} Nxd5 {[%emt 0:00:05]} 5. e4 {[%emt 0:00:00]} Nxc3 {[%emt 0:00:04]} 6. bxc3 {[%emt 0:00:03]} Bg7 {[%emt 0:00:05]} 7. Qa4+ {[%emt 0:00:06]} Nd7 {[%emt 0:00:55]} 8. Nf3 {[%emt 0:00:10]} O-O {[%emt 0:00:43]} 9. Be2 c6 {[%emt 0:08:58]} (9... e5 $11) 10. O-O {[%emt 0:02:53] D85: Exchange Grünfeld: Unusual White 7th moves and lines with 7 Nf3} Qc7 {[%emt 0:08:59]} 11. Be3 {[%emt 0:20:16]} e5 {[%emt 0:09:21]} 12. Rac1 $146 {[%emt 0:00:14]} ({Better is} 12. Qc2 $16 c5 13. Rac1 b6 14. h3 Bb7 15. d5 Nf6 16. Nd2 {0-1 (44) Tunik,G (2475)-Mikhalevski,V (2495) Beersheba 1996}) 12... b6 {[%emt 0:03:10]} 13. dxe5 {[%emt 0:09:13]} (13. h3 $16) 13... Re8 {[%emt 0:13:43]} 14. c4 {[%emt 0:13:17]} Bb7 {[%emt 0:09:46]} 15. c5 {[%emt 0:07:47]} Bf8 {[%emt 0:01:20]} 16. cxb6 {[%emt 0:11:51]} axb6 {[%emt 0:00:07]} 17. Qb3 {[%emt 0:01:17]} Nc5 {[%emt 0:10:38]} 18. Bxc5 {[%emt 0:01:33]} Bxc5 {[%emt 0:00:07]} 19. Rfd1 {[%emt 0:04:31]} Ra3 {[%emt 0:05:13]} 20. Qc2 {[%emt 0:00:57]} Qe7 {[%emt 0:03:00]} 21. h4 {[%emt 0:04:48]} Rea8 {[%emt 0:01:32]} 22. Bc4 {[%emt 0:00:12]} Ba6 {[%emt 0:01:17]} 23. Bb3 {[%emt 0:00:22]} Bc8 {[%emt 0:06:53]} 24. Ng5 {[%emt 0:01:08]} Be6 {[%emt 0:00:04]} 25. Nxe6 {[%emt 0:00:18]} fxe6 {[%emt 0:00:04]} 26. Qc4 {[%emt 0:01:45]} Re8 {[%emt 0:00:07]} 27. g3 {[%emt 0:01:07]} Ra7 {[%emt 0:02:16] [#]} 28. Rc2 {[%emt 0:02:01]} (28. Kg2 $1 $18) 28... g5 {[%emt 0:01:26]} 29. hxg5 {[%emt 0:02:39]} Qxg5 {[%emt 0:00:06]} 30. Qc3 {[%emt 0:00:09]} Rg7 {[%emt 0:01:54]} 31. Kg2 {[%emt 0:00:12]} h5 {[%emt 0:00:15]} 32. Rcd2 {[%emt 0:02:51]} h4 {[%emt 0:01:54]} 33. Rd7 {[%emt 0:00:05]} Rg6 $11 {[%emt 0:01:34]} ({Of course not} 33... h3+ $6 34. Kh2 $16 (34. Kxh3 Rf8 35. Bxe6+ Kh8 $11)) 34. R1d3 {[%emt 0:01:26]} h3+ {[%emt 0:00:31]} 35. Kxh3 {[%emt 0:02:23]} Bxf2 {[%emt 0:00:18]} 36. Kg2 {[%emt 0:00:09]} Bc5 {[%emt 0:00:46]} 37. Rf3 {[%emt 0:00:40]} Qh5 {[%emt 0:00:26]} 38. Rf6 {[%emt 0:02:51]} Qe2+ {[%emt 0:02:10]} 39. Kh3 {[%emt 0:00:04]} Qh5+ {[%emt 0:04:01]} 1/2-1/2

[Event "FRA-ch Youth 2017"]
[Site "Belfort"]
[Date "2017.04.20"]
[Round "6"]
[White "Heliot, Xabi"]
[Black "Eugene, Floryan"]
[Result "1-0"]
[WhiteElo "2081"]
[BlackElo "2271"]
[Annotator "NA"]
[PlyCount "105"]
[EventDate "2017.??.??"]
[EventCountry "FRA"]
[SourceTitle "playchess.com"]
[Source "ChessBase"]
[SourceQuality "1"]
[TimeControl "5400+30"]

1. c4 {[%emt 0:00:00]} Nf6 {[%emt 0:00:06]} 2. Nf3 {[%emt 0:00:00]} g6 {[%emt 0:00:05]} 3. g3 {[%emt 0:00:00]} Bg7 {[%emt 0:00:05]} 4. Bg2 {[%emt 0:00:00]} O-O {[%emt 0:00:19]} 5. Nc3 {[%emt 0:00:00]} d6 {[%emt 0:01:03]} 6. O-O {[%emt 0:00:00]} Nc6 {[%emt 0:01:24]} 7. d4 {[%emt 0:02:28]} a6 {[%emt 0:01:08]} 8. Qc2 {[%emt 0:14:42]} Rb8 {[%emt 0:03:26] LiveBook: 13 Games} 9. Rd1 {[%emt 0:04:11]} Bd7 {[%emt 0:05:40]} 10. Nd5 $146 {[%emt 0:22:51] E63: King's Indian: Fianchetto: Panno Variation with 7...a6} (10. e4 e5 11. dxe5 dxe5 12. Nd5 Bg4 13. Bg5 Nd4 14. Rxd4 exd4 15. e5 Bf5 16. Qc1 h6 17. Nxf6+ Kh8 18. Bxh6 Bxf6 19. exf6 Qxf6 20. Bxf8 Rxf8 {1-0 (66) Koneru,H (2557)-Kashlinskaya,A (2429) Doha 2016}) 10... b5 {[%emt 0:06:34]} 11. Nxf6+ {[%emt 0:01:51]} Bxf6 {[%emt 0:00:13]} 12. Bh6 {[%emt 0:00:19]} Re8 {[%emt 0:01:20]} 13. c5 {[%emt 0:00:37]} d5 {[%emt 0:32:44]} 14. Ne5 {[%emt 0:16:01]} e6 {[%emt 0:00:08]} 15. Bf4 {[%emt 0:02:30]} g5 {[%emt 0:08:44]} 16. Nxc6 {[%emt 0:02:00]} Bxc6 {[%emt 0:00:07]} 17. Be5 {[%emt 0:00:10]} Bg7 {[%emt 0:02:45]} 18. Bxg7 {[%emt 0:08:15]} Kxg7 {[%emt 0:00:18]} 19. b4 {[%emt 0:00:03]} Qf6 {[%emt 0:04:33]} 20. e3 {[%emt 0:06:28]} Rbd8 {[%emt 0:00:23]} 21. Qe2 {[%emt 0:01:47]} e5 {[%emt 0:07:27]} 22. Qb2 {[%emt 0:03:27]} e4 {[%emt 0:00:21]} 23. Qe2 {[%emt 0:03:22]} Bd7 {[%emt 0:00:10]} 24. Qh5 {[%emt 0:01:22]} Bf5 {[%emt 0:01:00]} 25. a4 {[%emt 0:01:40]} Rb8 {[%emt 0:00:41]} 26. axb5 {[%emt 0:00:38]} Rxb5 {[%emt 0:00:19]} 27. Bf1 {[%emt 0:00:06]} Rxb4 {[%emt 0:00:04]} 28. Rxa6 {[%emt 0:00:07]} c6 {[%emt 0:00:13]} 29. g4 {[%emt 0:02:29]} Bg6 {[%emt 0:00:43]} (29... Bd7 $15 30. Bg2 Reb8) 30. Qh3 {[%emt 0:00:02]} h5 {[%emt 0:01:21]} 31. Rb6 {[%emt 0:00:52]} Rb8 {[%emt 0:00:10]} 32. Rxb8 {[%emt 0:00:14]} Rxb8 {[%emt 0:00:04]} 33. Qg3 {[%emt 0:00:05]} Rb2 {[%emt 0:00:04]} 34. h3 {[%emt 0:00:09]} hxg4 {[%emt 0:02:59]} 35. hxg4 {[%emt 0:00:05]} Qe6 {[%emt 0:00:23]} 36. Ra1 {[%emt 0:00:32]} f6 {[%emt 0:00:29] [#]} (36... Rc2 $142) 37. Bh3 $2 {[%emt 0:02:31]} (37. Qc7+ $1 $18 Bf7 38. Bh3) 37... Qc8 {[%emt 0:00:21]} 38. Ra7+ {[%emt 0:00:25]} Rb7 {[%emt 0:03:29]} 39. Rxb7+ {[%emt 0:00:54]} Qxb7 {[%emt 0:00:07]} 40. Bf1 {[%emt 0:01:06]} Qb1 {[%emt 0:00:18]} 41. Qc7+ {[%emt 0:01:05]} Bf7 {[%emt 0:00:04]} 42. Qxc6 {[%emt 0:00:12]} f5 {[%emt 0:00:12]} 43. Qd7 {[%emt 0:00:36]} f4 {[%emt 0:00:15]} 44. Qf5 {[%emt 0:00:03]} fxe3 {[%emt 0:00:52]} 45. Qxg5+ {[%emt 0:00:02]} Kf8 {[%emt 0:00:11]} 46. fxe3 {[%emt 0:00:15]} Qc1 {[%emt 0:00:59]} 47. Qf4 {[%emt 0:00:04]} Kg8 {[%emt 0:00:28]} 48. Kg2 {[%emt 0:01:21]} Be6 {[%emt 0:01:07]} 49. Kg3 {[%emt 0:01:27]} Qd1 {[%emt 0:01:22]} 50. Kh4 {[%emt 0:00:34]} Kh7 {[%emt 0:01:08]} 51. Kg5 {[%emt 0:00:33]} Qb3 {[%emt 0:03:24]} 52. Qc7+ {[%emt 0:00:32]} Kh8 {[%emt 0:00:15]} 53. Kf6 {[%emt 0:00:31]} 1-0

[Event "FRA-ch Youth 2017"]
[Site "Belfort"]
[Date "2017.04.20"]
[Round "6"]
[White "Kollar, Romain"]
[Black "Gatineau, Yovann"]
[Result "0-1"]
[WhiteElo "2072"]
[BlackElo "2214"]
[Annotator "NA"]
[PlyCount "96"]
[EventDate "2017.??.??"]
[EventCountry "FRA"]
[SourceTitle "playchess.com"]
[Source "ChessBase"]
[SourceQuality "1"]
[TimeControl "5400+30"]

{[%evp 8,95,33,25,32767,32767,34,34,32767,31,11,32767,32767,32767,32767,32767,32767,32767,-41,-68,-64,32767,-252,-275,-255,-246,-231,-470,-196,-347,32767,-210,-215,-292,-208,-233,-200,-196,-138,32767,-150,32767,-161,-150,-157,-166,-194,32767,17,32767,32767,32767,32767,32767,32767,32767,32767,32767,32767,32767,32767,115,60,32767,0,-21,32767,-37,-13,-16,32767,-20,32767,-24,32767,32767,32767,32767,32767,32767,32767,32767,32767,-4731,32767,32767,32767,32767,32767,-29981]} 1. e4 {[%emt 0:00:00]} c5 {[%emt 0:00:07]} 2. Nf3 {[%emt 0:00:00]} d6 {[%emt 0:02:12]} 3. d4 {[%emt 0:00:04]} Nf6 {[%emt 0:00:18]} 4. Nc3 {[%emt 0:00:53]} cxd4 $1 {[%emt 0:00:07]} 5. Nxd4 {[%emt 0:00:06]} a6 {[%emt 0:00:31]} 6. f3 {[%emt 0:00:28]} e5 {[%emt 0:00:22]} 7. Nb3 {[%emt 0:00:06]} Be6 {[%emt 0:00:19]} 8. Be3 {[%emt 0:00:32]} Be7 {[%emt 0:00:08]} 9. Qd2 {[%emt 0:00:16]} O-O {[%emt 0:00:09]} 10. O-O-O {[%emt 0:00:07]} a5 {[%emt 0:00:02]} 11. a4 {[%emt 0:01:31]} Nc6 {[%emt 0:01:35] B90: Sicilian Najdorf: Unusual White 6th moves, 6 Be3 Ng4 and 6 Be3 e5} 12. Nd5 $146 {[%emt 0:02:17]} (12. Kb1 Nb4 13. g4 Rc8 14. g5 Nd7 15. f4 exf4 16. Bxf4 Bxb3 17. cxb3 Ne5 18. h4 f6 19. Bh3 {1-0 (33) Saric,I (2652)-Shirov,A (2689) Reykjavik 2015}) 12... Bxd5 $1 {[%emt 0:02:11]} 13. exd5 {[%emt 0:00:08]} Nb4 {[%emt 0:00:05]} 14. c4 {[%emt 0:00:07]} Qd7 {[%emt 0:01:56]} 15. Kb1 {[%emt 0:41:56]} Qxa4 {[%emt 0:01:33]} 16. Nc1 {[%emt 0:00:11]} Rfc8 {[%emt 0:01:59]} 17. g4 $2 {[%emt 0:04:50] [#]} (17. b3 Qa3 18. Qb2 Qxb2+ 19. Kxb2) 17... Nd7 {[%emt 0:25:12]} (17... Nfxd5 $142 $1 {[%mdl 512]} 18. b3 (18. cxd5 Rxc1+) 18... Qa3) 18. Be2 $2 {[%emt 0:27:10]} (18. b3 Qa3 19. Qb2 Qxb2+ 20. Kxb2) 18... Nc5 {[%emt 0:02:15]} 19. Bxc5 {[%emt 0:02:05]} Rxc5 {[%emt 0:00:06]} 20. Rde1 {[%emt 0:00:42]} Rac8 {[%emt 0:05:00]} 21. b3 {[%emt 0:01:05]} Qe8 {[%emt 0:01:55]} 22. Nd3 {[%emt 0:02:18]} Nxd3 {[%emt 0:00:32]} 23. Bxd3 {[%emt 0:00:13]} Bh4 {[%emt 0:06:44]} 24. Re4 {[%emt 0:01:09]} Qd8 {[%emt 0:03:54]} 25. f4 {[%emt 0:03:17]} exf4 {[%emt 0:00:42]} 26. Qxf4 {[%emt 0:00:02]} Qb6 {[%emt 0:03:22]} 27. Bc2 {[%emt 0:02:11]} Bf6 $2 {[%emt 0:05:48]} (27... a4 $1 $19 {[%cal Ra4b3]} 28. Qe3 Qd8 29. bxa4 Rxc4 30. Rxc4 Rxc4) 28. Qf5 {[%emt 0:04:25]} Be5 {[%emt 0:08:13]} 29. Rf1 {[%emt 0:02:54]} Qc7 {[%emt 0:02:09]} 30. Rxe5 {[%emt 0:01:21]} dxe5 {[%emt 0:00:17]} 31. Qxh7+ {[%emt 0:00:19]} Kf8 {[%emt 0:00:00]} 32. Qh8+ {[%emt 0:00:52]} Ke7 {[%emt 0:00:06]} 33. Qxg7 {[%emt 0:00:07]} Rf8 {[%emt 0:01:12]} 34. Re1 $2 {[%emt 0:01:24]} (34. Qf6+ $18 {and the rest is easy.} Ke8 35. Re1) 34... Qd6 {[%emt 0:00:09]} 35. Qxe5+ {[%emt 0:01:26]} Qxe5 {[%emt 0:00:18]} 36. Rxe5+ {[%emt 0:00:01]} Kd6 {[%emt 0:00:08]} 37. Rh5 {[%emt 0:00:15]} a4 {[%emt 0:00:30]} 38. Kb2 {[%emt 0:00:34]} b5 {[%emt 0:00:25]} 39. Rh6+ {[%emt 0:00:41]} ({Much worse is} 39. bxa4 Rxc4 40. axb5 Rxg4 $17) 39... Ke5 {[%emt 0:02:59]} 40. Rc6 {[%emt 0:00:36]} ({Don't play} 40. bxa4 Rxc4 41. axb5 Rxg4 42. Kb3 Kxd5 $17) 40... Rc8 {[%emt 0:00:25]} 41. cxb5 {[%emt 0:00:48]} a3+ {[%emt 0:00:05]} 42. Kxa3 {[%emt 0:00:29]} R8xc6 {[%emt 0:00:34]} 43. dxc6 {[%emt 0:00:39]} Rxc2 {[%emt 0:00:08]} 44. Kb4 {[%emt 0:00:18]} Kd6 {[%emt 0:00:07]} 45. h4 {[%emt 0:00:21]} Rg2 {[%emt 0:00:30]} 46. Ka5 {[%emt 0:00:34]} Kc7 {[%emt 0:00:36]} 47. h5 {[%emt 0:00:03]} Rxg4 {[%emt 0:00:06]} 48. Ka6 {[%emt 0:00:13]} Rg2 {[%emt 0:00:32]} 0-1

[Event "FRA-ch Youth 2017"]
[Site "Belfort"]
[Date "2017.04.20"]
[Round "6"]
[White "Leriche, Ines"]
[Black "Benezra, Esther"]
[Result "1-0"]
[WhiteElo "2037"]
[BlackElo "1761"]
[Annotator "NA"]
[PlyCount "99"]
[EventDate "2017.??.??"]
[EventCountry "FRA"]
[SourceTitle "playchess.com"]
[Source "ChessBase"]
[SourceQuality "1"]
[TimeControl "5400+30"]

1. d4 {[%emt 0:00:00]} e6 {[%emt 0:00:06]} 2. c4 {[%emt 0:00:00]} f5 {[%emt 0:00:08]} 3. g3 {[%emt 0:02:54]} Nf6 {[%emt 0:00:09]} 4. Bg2 {[%emt 0:01:21]} c6 {[%emt 0:00:08]} 5. Nf3 {[%emt 0:01:47]} d5 {[%emt 0:00:15]} 6. O-O {[%emt 0:00:23]} Bd6 {[%emt 0:00:17]} 7. Nbd2 {[%emt 0:00:23]} O-O {[%emt 0:00:46]} 8. b3 {[%emt 0:00:21]} b6 {[%emt 0:01:18]} 9. Bb2 {[%emt 0:12:32]} Qe7 {[%emt 0:02:10]} 10. Rc1 {[%emt 0:01:09]} Bb7 {[%emt 0:01:07]} 11. Ne5 {[%emt 0:01:48] LiveBook: 150 Games} a5 {[%emt 0:00:20]} 12. Nb1 {[%emt 0:10:43] A90: Dutch Defence: Miscellaneous and Modern Stonewall (with ...Bd6)} (12. e3 Na6 13. Nb1 Bxe5 14. dxe5 Ne4 15. Qe2 a4 16. Nc3 axb3 17. axb3 Qb4 18. Nxe4 dxe4 19. Qc2 Nc5 20. Bc3 Qxb3 21. Qxb3 Nxb3 {0-1 (52) Caruana,F (2802)-Carlsen,M (2863) Shamkir 2015}) 12... a4 $146 {[%emt 0:09:23]} (12... Ne4 13. f3 Nf6 14. Nc3 Nbd7 15. Nxd7 Nxd7 16. e4 dxc4 17. bxc4 e5 18. exf5 exd4 19. Re1 Ne5 {0-1 (69) Gordon,S (2556)-Djurhuus,R (2436) Oslo 2012}) 13. bxa4 {[%emt 0:11:55]} Nbd7 {[%emt 0:05:47]} 14. cxd5 {[%emt 0:02:04]} exd5 {[%emt 0:09:49]} 15. Nxc6 {[%emt 0:08:32]} Qe6 {[%emt 0:02:17]} 16. a3 {[%emt 0:10:23]} ({White should try} 16. Ne5 $16) 16... Bxg3 {[%emt 0:02:03]} 17. hxg3 {[%emt 0:02:03]} Bxc6 {[%emt 0:05:18]} 18. Nc3 {[%emt 0:01:16]} Ng4 {[%emt 0:02:45]} 19. e3 $2 {[%emt 0:16:55]} (19. Qd2 $11 {and White stays safe.}) 19... Qh6 {[%emt 0:14:04]} 20. Re1 {[%emt 0:00:19]} Ndf6 {[%emt 0:00:44]} 21. Nb5 {[%emt 0:02:43]} Bxb5 {[%emt 0:05:42]} 22. axb5 {[%emt 0:00:13]} Ne4 {[%emt 0:00:21]} 23. Re2 {[%emt 0:01:03]} Nexf2 {[%emt 0:04:37]} 24. Bxd5+ {[%emt 0:01:55]} Kh8 {[%emt 0:01:57]} 25. Rxf2 {[%emt 0:00:29]} Nxf2 {[%emt 0:12:55]} 26. Kxf2 {[%emt 0:00:15]} Rae8 {[%emt 0:00:37]} 27. Qf3 {[%emt 0:01:20]} f4 {[%emt 0:04:06]} 28. gxf4 {[%emt 0:02:58]} g5 {[%emt 0:00:44]} (28... Qh2+ $142 29. Qg2 Qh4+ 30. Ke2 Rxf4) 29. Rh1 {[%emt 0:02:42]} Qg6 {[%emt 0:01:05]} 30. Bb3 {[%emt 0:01:31]} h6 {[%emt 0:01:37]} 31. Qh5 {[%emt 0:02:33]} Qxh5 {[%emt 0:03:23]} 32. Rxh5 {[%emt 0:00:01]} gxf4 {[%emt 0:00:21]} 33. exf4 {[%emt 0:01:04]} Rxf4+ {[%emt 0:00:46]} 34. Kg3 {[%emt 0:00:49]} Ree4 {[%emt 0:02:40]} (34... Rf6 $142 35. Re5 (35. d5 Re3+ 36. Kh4 Re4+ 37. Kh3 Re3+ 38. Kh4 Re4+ 39. Kh3 Re3+ 40. Kg4 Re4+ 41. Kh3 $11) 35... Ref8) 35. d5+ {[%emt 0:00:29]} Kg8 {[%emt 0:00:14]} 36. d6+ {[%emt 0:00:24]} Kf8 {[%emt 0:00:08]} 37. Rxh6 {[%emt 0:00:39]} Ke8 {[%emt 0:01:16]} 38. Bc1 {[%emt 0:00:30]} Rf1 {[%emt 0:01:03]} 39. Bd2 {[%emt 0:00:30]} Rd4 {[%emt 0:01:51]} 40. Kg2 {[%emt 0:00:31]} Rf5 {[%emt 0:01:03]} 41. Bc1 $16 {[%emt 0:00:31]} (41. Be3 $18 {and the rest is easy.} Re4 42. Bc2 Rg4+ 43. Kh3) 41... Rg4+ {[%emt 0:01:51]} 42. Kh2 {[%emt 0:00:31]} Rf2+ {[%emt 0:00:32]} 43. Kh3 {[%emt 0:00:16]} Rfg2 {[%emt 0:00:40]} 44. Rh8+ {[%emt 0:00:44]} Kd7 {[%emt 0:00:23]} 45. Bd5 {[%emt 0:00:29]} R2g3+ {[%emt 0:01:55]} 46. Kh2 {[%emt 0:00:04]} Rg1 $2 {[%emt 0:00:41]} (46... Kxd6 47. Bf4+ Kxd5) 47. Be3 {[%emt 0:00:32]} R1g3 {[%emt 0:00:20]} 48. Bc6+ {[%emt 0:00:15]} Ke6 {[%emt 0:00:46]} 49. Rh6+ {[%emt 0:00:42]} Kf7 {[%emt 0:00:27]} 50. Bxb6 {[%emt 0:00:55]} 1-0

[Event "FRA-ch Youth 2017"]
[Site "Belfort"]
[Date "2017.04.20"]
[Round "6"]
[White "Popov, Konstantin"]
[Black "Razafindratsima, Timothe"]
[Result "1/2-1/2"]
[WhiteElo "2026"]
[BlackElo "1830"]
[Annotator "NA"]
[PlyCount "138"]
[EventDate "2017.??.??"]
[EventCountry "FRA"]
[SourceTitle "playchess.com"]
[Source "ChessBase"]
[SourceQuality "1"]
[TimeControl "5400+30"]

1. e4 {[%emt 0:00:00]} c5 {[%emt 0:00:10]} 2. Nf3 {[%emt 0:00:17]} d6 {[%emt 0:00:15]} 3. d4 {[%emt 0:00:29]} cxd4 {[%emt 0:00:19]} 4. Nxd4 {[%emt 0:00:44]} Nf6 {[%emt 0:00:23]} 5. Nc3 {[%emt 0:00:34]} a6 {[%emt 0:00:22]} 6. g3 {[%emt 0:00:20]} e5 {[%emt 0:00:31]} 7. Nde2 {[%emt 0:00:39]} Be6 {[%emt 0:00:42]} 8. Bg2 {[%emt 0:00:17]} Be7 {[%emt 0:00:59]} 9. a4 {[%emt 0:01:12]} Nbd7 {[%emt 0:00:42]} 10. O-O {[%emt 0:00:09]} O-O {[%emt 0:00:31]} 11. h3 {[%emt 0:03:05]} Rc8 {[%emt 0:03:05] B91: Sicilian Najdorf: 6 g3} (11... b5 12. axb5 axb5 13. Rxa8 Qxa8 14. Nxb5 Nxe4 15. Nc7 Qa4 16. b3 Qc6 17. Nxe6 fxe6 18. c4 Ndf6 19. Qc2 {½-½ (33) Antoniewski,R (2532)-Dziuba,M (2566) Poland 2016}) 12. Be3 {[%emt 0:03:30]} Nb6 {[%emt 0:01:06]} 13. b3 {[%emt 0:01:10]} Qc7 {[%emt 0:03:51]} (13... d5 $11 14. Bxb6 Qxb6) 14. a5 {[%emt 0:01:27]} Nbd7 $146 {[%emt 0:00:14]} (14... Na8 15. f4 exf4 16. gxf4 Rfe8 17. Bd4 {1-0 (37) Alexander,C-Bogoljubow,E Birmingham 1951}) 15. Qd2 {[%emt 0:00:29]} Rfd8 {[%emt 0:02:37]} 16. g4 {[%emt 0:05:31]} h6 {[%emt 0:06:01]} 17. Rfc1 {[%emt 0:00:18]} Qc6 {[%emt 0:03:53]} 18. Nd5 {[%emt 0:01:35]} Bxd5 {[%emt 0:01:21]} 19. exd5 {[%emt 0:00:05]} Qc7 {[%emt 0:00:31]} 20. c4 {[%emt 0:00:20]} Re8 {[%emt 0:06:50]} 21. Ng3 {[%emt 0:01:21]} Nh7 {[%emt 0:02:30]} 22. Nf5 {[%emt 0:06:43]} (22. b4 $18) 22... Bg5 {[%emt 0:01:24]} (22... Bf8 $16 23. b4 Qb8) 23. Bxg5 {[%emt 0:03:12]} Nxg5 {[%emt 0:00:30]} 24. h4 {[%emt 0:00:17]} Nh7 {[%emt 0:00:56] [#]} 25. c5 $1 {[%emt 0:00:34]} dxc5 {[%emt 0:04:54]} 26. d6 {[%emt 0:00:06]} Qd8 {[%emt 0:00:52]} 27. Ne7+ $2 {[%emt 0:00:46]} (27. Bxb7 $18 {and the rest is easy.} Rb8 28. Bxa6) 27... Rxe7 {[%emt 0:00:11]} 28. dxe7 {[%emt 0:00:26]} Qxe7 {[%emt 0:00:18]} 29. Bxb7 Rc7 30. Bxa6 {[%emt 0:01:53]} Qxh4 {[%emt 0:00:55] [#]} 31. Bf1 {[%emt 0:02:11]} (31. Ra4 $1 $16) 31... Qxg4+ {[%emt 0:02:51]} 32. Bg2 {[%emt 0:00:08]} Ng5 {[%emt 0:02:02]} 33. Rc3 {[%emt 0:06:23]} Ne6 {[%emt 0:07:11]} 34. Rg3 {[%emt 0:03:22]} Qd4 {[%emt 0:01:00]} 35. Qe1 {[%emt 0:00:24]} Nf4 {[%emt 0:03:46]} 36. Bf1 {[%emt 0:02:46]} ({White should try} 36. Rd1 $16 Qb4 37. Bf1) 36... Ra7 {[%emt 0:01:15]} 37. a6 {[%emt 0:03:30]} h5 $2 {[%emt 0:04:01]} (37... Nh5 $11 {and Black is okay.}) 38. Rd1 {[%emt 0:00:19]} Qb2 {[%emt 0:01:08]} 39. Rd2 {[%emt 0:06:46]} Qa3 {[%emt 0:00:06] [#]} 40. Rxd7 $1 {[%emt 0:07:08]} Rxd7 {[%emt 0:00:45]} 41. Qxe5 {[%emt 0:00:02]} Ne6 {[%emt 0:01:27]} 42. Qxh5 {[%emt 0:00:46]} Qa1 {[%emt 0:01:07]} 43. Qe2 {[%emt 0:08:57]} Kf8 {[%emt 0:04:18]} 44. Rg4 {[%emt 0:07:12]} Nd4 {[%emt 0:10:59]} 45. Qc4 {[%emt 0:04:10]} Nf3+ {[%emt 0:04:03]} 46. Kg2 {[%emt 0:00:25]} Ne1+ {[%emt 0:00:09]} 47. Kg3 {[%emt 0:00:36]} Qe5+ {[%emt 0:00:20]} 48. Qf4 {[%emt 0:00:17]} Qc3+ {[%emt 0:00:18]} 49. Qe3 {[%emt 0:00:14]} Qxe3+ {[%emt 0:01:41]} 50. fxe3 {[%emt 0:00:01]} Nc2 {[%emt 0:00:37]} 51. Bb5 {[%emt 0:01:22]} Ra7 {[%emt 0:01:02]} 52. Re4 {[%emt 0:03:12]} g6 {[%emt 0:00:27]} 53. Re8+ {[%emt 0:01:41]} Kg7 {[%emt 0:00:01]} 54. Rb8 {[%emt 0:00:34]} Nxe3 {[%emt 0:00:15]} 55. Rb7 {[%emt 0:00:09]} Ra8 {[%emt 0:00:45]} 56. Bd3 {[%emt 0:02:38]} Kf6 {[%emt 0:06:00]} 57. a7 {[%emt 0:03:51]} Nf5+ {[%emt 0:01:37]} 58. Kf2 {[%emt 0:00:30]} Nd6 {[%emt 0:01:03]} 59. Rc7 {[%emt 0:00:13]} Ke5 {[%emt 0:02:58]} 60. Ke3 {[%emt 0:00:21]} Nf5+ {[%emt 0:01:06]} 61. Kd2 {[%emt 0:01:51]} Kd6 $16 {[%emt 0:01:15]} 62. Rxf7 {[%emt 0:00:27]} Ne7 {[%emt 0:00:25]} 63. Rf6+ {[%emt 0:01:45]} Kc7 {[%emt 0:02:01]} 64. Ra6 {[%emt 0:00:12]} Nc8 {[%emt 0:01:17]} 65. Be4 {[%emt 0:01:01]} Rxa7 {[%emt 0:00:30]} 66. Rc6+ {[%emt 0:00:14]} Kd7 {[%emt 0:00:46]} 67. Rxc5 {[%emt 0:00:20]} Ne7 {[%emt 0:00:32]} 68. b4 {[%emt 0:00:22]} Kd6 {[%emt 0:00:53]} 69. Kc3 {[%emt 0:02:16]} Rc7 {[%emt 0:00:23]} 1/2-1/2